[Event "Split op 11th"]
[Site "Split"]
[Date "2022.07.19"]
[Round "5"]
[White "Biliskov, Vjekoslav"]
[Black "Umbetov, Kazybek"]
[Result "1-0"]
[WhiteElo "2317"]
[BlackElo "2073"]
[PlyCount "53"]
[EventDate "2022.07.16"]
[EventType "swiss"]
[EventRounds "9"]
[EventCountry "CRO"]
[SourceTitle "CBM 209 Extra"]
[Source "ChessBase"]
[SourceDate "2022.09.30"]
[SourceVersion "1"]
[SourceVersionDate "2022.09.30"]
[SourceQuality "1"]

1. d4 Nf6 2. c4 e6 3. Nc3 Bb4 4. e3 0-0 5. Bd3 d5 6. cxd5 exd5 7. Nge2 Re8 8. 0-0 b6 9. Bd2 Bb7 10. Nf4 Bd6 11. Rc1 Bxf4 12. exf4 Nc6 13. Ne2 Ne4 14. Be3 Nb4 15. Bb1 a5 16. a3 Na6 17. Qc2 Rc8 18. f3 c5 19. dxc5 Nf6 20. Bd4 g6 21. f5 bxc5 22. Bf2 d4 23. Rfd1 Nd5 24. Ng3 Nf4 25. Qd2 g5 26. Ne4 Qb6 27. Nxg5 1-0

[Event "Split op 11th"]
[Site "Split"]
[Date "2022.07.17"]
[Round "2"]
[White "Kozul, Zdenko"]
[Black "Umbetov, Kazybek"]
[Result "0-1"]
[WhiteElo "2602"]
[BlackElo "2073"]
[PlyCount "86"]
[EventDate "2022.07.16"]
[EventType "swiss"]
[EventRounds "9"]
[EventCountry "CRO"]
[SourceTitle "CBM 209 Extra"]
[Source "ChessBase"]
[SourceDate "2022.09.30"]
[SourceVersion "1"]
[SourceVersionDate "2022.09.30"]
[SourceQuality "1"]

1. d4 Nf6 2. Nf3 e6 3. c4 b6 4. a3 Bb7 5. Nc3 Be7 6. d5 exd5 7. cxd5 0-0 8. g3 d6 9. Bg2 Nbd7 10. 0-0 a5 11. Nd4 Nc5 12. b3 Ng4 13. Rb1 Bf6 14. b4 axb4 15. axb4 Nd7 16. Ncb5 Re8 17. Qc2 Bxd4 18. Nxd4 Ndf6 19. e4 Qd7 20. h3 Ne5 21. f4 Ng6 22. Bb2 h5 23. Rbe1 Ba6 24. Rf2 h4 25. g4 Nxd5 26. Qd2 Nf6 27. e5 dxe5 28. fxe5 Nd5 29. e6 fxe6 30. Rxe6 Ndf4 31. Rxf4 Rxe6 32. Bxa8 Re2 33. Qc3 Nxf4 34. Qb3+ Kh8 35. Nxe2 Nxe2+ 36. Kf2 Nf4 37. Ke3 Nxh3 38. Qc3 Qxg4 39. Kd2 Nf2 40. Bf3 Qd7+ 41. Ke3 Nd3 42. Ba1 Qe7+ 43. Be4 Qg5+ 0-1

[Event "FIDE World Uni Rapid-E 1st"]
[Site "Tornelo INT"]
[Date "2021.03.21"]
[Round "8"]
[White "Garidmagnai, Byambasuren"]
[Black "Umbetov, Kazybek"]
[Result "1-0"]
[WhiteElo "2369"]
[BlackElo "2073"]
[PlyCount "163"]
[EventDate "2021.03.20"]
[EventType "swiss (rapid)"]
[EventRounds "12"]
[EventCountry "NET"]
[SourceTitle "EXT 2022"]
[Source "ChessBase"]
[SourceDate "2021.10.06"]
[SourceVersion "1"]
[SourceVersionDate "2021.10.06"]
[SourceQuality "1"]

1. d4 Nf6 2. c4 e6 3. Nc3 Bb4 4. Qc2 0-0 5. a3 Bxc3+ 6. Qxc3 d6 7. g3 Qe7 8. Bg2 e5 9. dxe5 dxe5 10. Nf3 Re8 11. 0-0 c6 12. b4 Bg4 13. h3 Bh5 14. Re1 Nbd7 15. Nh4 Bg6 16. Nxg6 hxg6 17. Bb2 Nb6 18. a4 e4 19. a5 Nbd7 20. Red1 a6 21. g4 Nf8 22. g5 Nh5 23. h4 e3 24. Bf3 exf2+ 25. Kxf2 Ne6 26. c5 Nef4 27. Rd2 Qe6 28. Rh1 Qf5 29. Qc2 Qxc2 30. Rxc2 Rad8 31. Bc1 Rd4 32. Bd2 Nd5 33. Rb1 Re5 34. e4 Ndf4 35. Bc3 Rc4 36. Ke3 Re7 37. Rbc1 Rd7 38. Be5 Rd3+ 39. Kf2 Rxb4 40. Bd6 Ra3 41. Rc3 Rxa5 42. R1c2 Ra1 43. Rd2 Rbb1 44. Bxf4 Nxf4 45. Rd8+ Kh7 46. Rd7 Rb2+ 47. Kg3 Ne2+ 48. Bxe2 Rxe2 49. Rxf7 Rxe4 50. Rb3 Re8 51. Rbxb7 Rg8 52. Rbc7 a5 53. Rxc6 a4 54. h5 Ra3+ 55. Kf4 Rb8 56. Rxg6 Rb4+ 57. Ke5 Re3+ 58. Kd5 Rd3+ 59. Kc6 Kh8 60. Rfxg7 Rb8 61. Rc7 a3 62. Ra7 Rc8+ 63. Kb5 Rd5 64. Rc6 Rb8+ 65. Kc4 Rxg5 66. Rh6+ Kg8 67. Rg6+ Rxg6 68. hxg6 Rb1 69. Rxa3 Kg7 70. Ra6 Rc1+ 71. Kd5 Rd1+ 72. Kc4 Rc1+ 73. Kb5 Rb1+ 74. Ka5 Rc1 75. Rc6 Rc2 76. Kb6 Rc1 77. Re6 Rb1+ 78. Kc7 Rc1 79. c6 Rd1 80. Kc8 Rc1 81. c7 Rc2 82. Kd7 1-0

[Event "FIDE World Uni Rapid-E 1st"]
[Site "Tornelo INT"]
[Date "2021.03.20"]
[Round "6"]
[White "Antolak, Julia"]
[Black "Umbetov, Kazybek"]
[Result "1-0"]
[WhiteElo "2306"]
[BlackElo "2073"]
[PlyCount "103"]
[EventDate "2021.03.20"]
[EventType "swiss (rapid)"]
[EventRounds "12"]
[EventCountry "NET"]
[SourceTitle "EXT 2022"]
[Source "ChessBase"]
[SourceDate "2021.10.06"]
[SourceVersion "1"]
[SourceVersionDate "2021.10.06"]
[SourceQuality "1"]

1. e4 e6 2. d4 d5 3. Nd2 dxe4 4. Nxe4 Nd7 5. Bd3 Ngf6 6. Nxf6+ Nxf6 7. Be3 Be7 8. Ne2 0-0 9. 0-0 b6 10. c4 Bb7 11. Ng3 c5 12. dxc5 Bxc5 13. Bxc5 bxc5 14. Qe2 Qb6 15. b3 Rfd8 16. Ne4 Nxe4 17. Bxe4 Rd4 18. Bxb7 Qxb7 19. Rad1 Rad8 20. h3 Qd7 21. Rxd4 Qxd4 22. Re1 h6 23. Qe5 Qxe5 24. Rxe5 Rc8 25. Kf1 Kf8 26. Ke2 Ke7 27. Kd3 f6 28. Re2 e5 29. a3 a5 30. Kc3 Rd8 31. b4 axb4+ 32. axb4 cxb4+ 33. Kxb4 Ke6 34. c5 f5 35. c6 e4 36. Kc5 Ke5 37. c7 Rc8 38. Kc6 f4 39. Kd7 Rxc7+ 40. Kxc7 g5 41. Kc6 Kd4 42. Rd2+ Kc3 43. Rd6 h5 44. Rg6 e3 45. fxe3 fxe3 46. Rxg5 h4 47. g3 hxg3 48. Rxg3 Kd2 49. h4 e2 50. Rg1 Ke3 51. h5 Kf2 52. Ra1 1-0

[Event "FIDE World Uni Blitz-A 1st"]
[Site "Tornelo INT"]
[Date "2021.03.13"]
[Round "3.13"]
[White "Shapiro, David"]
[Black "Umbetov, Kazybek"]
[Result "0-1"]
[WhiteElo "2395"]
[BlackElo "2073"]
[PlyCount "114"]
[EventDate "2021.03.13"]
[EventType "swiss (blitz)"]
[EventRounds "10"]
[EventCountry "NET"]
[SourceTitle "EXT 2022"]
[Source "ChessBase"]
[SourceDate "2021.10.06"]
[SourceVersion "1"]
[SourceVersionDate "2021.10.06"]
[SourceQuality "1"]

1. d4 Nf6 2. Bf4 e6 3. e3 b6 4. Nf3 Bb7 5. Bd3 Be7 6. Nbd2 0-0 7. h3 c5 8. c3 d6 9. Qe2 Nbd7 10. e4 cxd4 11. cxd4 h6 12. Rd1 Re8 13. 0-0 Bf8 14. e5 Nd5 15. Bg3 dxe5 16. dxe5 Nc5 17. Bb5 Re7 18. Bh4 g5 19. Bg3 a6 20. Bc4 b5 21. Bxd5 Bxd5 22. b4 Na4 23. Ne4 Bg7 24. Nf6+ Bxf6 25. exf6 Rd7 26. Nxg5 hxg5 27. Qe5 Kf8 28. Qxg5 Rb7 29. Qg7+ Ke8 30. Qg8+ Kd7 31. Qxf7+ Kc6 32. Qg6 Kb6 33. Be5 a5 34. bxa5+ Kxa5 35. Rc1 Rc8 36. Rxc8 Qxc8 37. Bd6 e5 38. Bxe5 Qe6 39. Bd4 Bxa2 40. Qg5 Bc4 41. Ra1 Rd7 42. Bc3+ Kb6 43. Bb4 Rd5 44. Qg7 Rf5 45. Be7 Nc3 46. Bd8+ Kc6 47. Qc7+ Kd5 48. Qa7 Ne2+ 49. Kh1 Rxf6 50. Rd1+ Ke4 51. Qe3+ Kf5 52. Qf3+ Kg6 53. Bxf6 Qxf6 54. Qg4+ Kf7 55. Rd7+ Ke8 56. Rb7 Qa1+ 57. Kh2 Qg1# 0-1

[Event "Hersonissos op 2nd"]
[Site "Hersonissos"]
[Date "2018.06.22"]
[Round "7"]
[White "Hommeles, Theo"]
[Black "Umbetov, Kazybek"]
[Result "1-0"]
[WhiteElo "2361"]
[BlackElo "2001"]
[PlyCount "73"]
[EventDate "2018.06.17"]
[EventType "swiss"]
[EventRounds "9"]
[EventCountry "GRE"]
[SourceTitle "CBM 185 Extra"]
[Source "ChessBase"]
[SourceDate "2018.07.29"]
[SourceVersion "1"]
[SourceVersionDate "2018.07.29"]
[SourceQuality "1"]

1. e4 c5 2. Nf3 d6 3. d4 cxd4 4. Nxd4 Nf6 5. Nc3 a6 6. Be2 e5 7. Nb3 Be7 8. g4 0-0 9. g5 Ne8 10. Nd5 Be6 11. Rg1 Nd7 12. Be3 Rc8 13. h4 Nc7 14. c4 b5 15. Rc1 bxc4 16. Bxc4 Nxd5 17. Bxd5 Rxc1 18. Qxc1 Bxd5 19. exd5 f5 20. Qc6 f4 21. Bd2 e4 22. Bc3 e3 23. f3 Qe8 24. Ke2 Ne5 25. Qxe8 Rxe8 26. Nd4 Rc8 27. Ne6 Rc4 28. Rd1 h5 29. Bxe5 dxe5 30. d6 Kf7 31. dxe7 Kxe7 32. Nxg7 e4 33. fxe4 Rc2+ 34. Kd3 Rxb2 35. Nxh5 e2 36. Re1 f3 37. Ke3 1-0

[Event "Hersonissos op 2nd"]
[Site "Hersonissos"]
[Date "2018.06.20"]
[Round "5"]
[White "Umbetov, Kazybek"]
[Black "Maris, Ioannis"]
[Result "1-0"]
[WhiteElo "2001"]
[BlackElo "1915"]
[PlyCount "71"]
[EventDate "2018.06.17"]
[EventType "swiss"]
[EventRounds "9"]
[EventCountry "GRE"]
[SourceTitle "CBM 185 Extra"]
[Source "ChessBase"]
[SourceDate "2018.07.29"]
[SourceVersion "1"]
[SourceVersionDate "2018.07.29"]
[SourceQuality "1"]

1. b3 Nf6 2. Bb2 e6 3. e3 b6 4. f4 Bb7 5. Nf3 g6 6. Be2 Bg7 7. 0-0 0-0 8. c4 c5 9. Na3 Nc6 10. Nc2 Rc8 11. Qe1 d5 12. cxd5 exd5 13. d3 Qe7 14. Ne5 Nd7 15. Nxc6 Bxc6 16. Bxg7 Kxg7 17. f5 f6 18. Qh4 Ne5 19. d4 Nf7 20. dxc5 bxc5 21. Rac1 d4 22. fxg6 hxg6 23. Bg4 d3 24. Bxc8 Rxc8 25. Na3 Ng5 26. Nc4 Ne4 27. Rcd1 Rh8 28. Qg4 Rh5 29. Rxd3 Rg5 30. Qc8 Bd5 31. g3 Be6 32. Qd8 Qf7 33. Nd6 Nxd6 34. Rxd6 Re5 35. Rfd1 Kh6 36. Qh8+ 1-0

[Event "Kokshetau Zhaksy-ch"]
[Site "Kokshetau"]
[Date "2015.07.09"]
[Round "7"]
[White "Katenov, Aibek"]
[Black "Umbetov, Kazybek"]
[Result "0-1"]
[WhiteElo "2014"]
[BlackElo "1874"]
[PlyCount "110"]
[EventDate "2015.07.05"]
[EventType "tourn"]
[EventRounds "9"]
[EventCountry "KAZ"]
[SourceTitle "EXT 2016"]
[Source "ChessBase"]
[SourceDate "2015.10.08"]
[SourceVersion "1"]
[SourceVersionDate "2015.10.08"]
[SourceQuality "1"]

1. e4 e6 2. d4 d5 3. Nc3 Nf6 4. Bg5 Bb4 5. e5 h6 6. Bd2 Bxc3 7. bxc3 Ne4 8. Qg4 g6 9. Bd3 Nxd2 10. Kxd2 c5 11. Ne2 c4 12. Bxg6 Qg5+ 13. Qxg5 hxg5 14. h4 gxh4 15. Bxf7+ Kxf7 16. Rh2 Nc6 17. Rah1 Bd7 18. Rxh4 Rxh4 19. Rxh4 Rg8 20. g3 Ne7 21. Rf4+ Ke8 22. Rf6 Rf8 23. Rxf8+ Kxf8 24. f4 Be8 25. g4 Bg6 26. Ng1 Be4 27. a3 Ng6 28. Nh3 Nh4 29. Nf2 Bh7 30. Nd1 Ng2 31. f5 exf5 32. gxf5 Bxf5 33. Nf2 Nh4 34. Nd1 Nf3+ 35. Kc1 Ke7 36. Ne3 Ke6 37. Kb2 b5 38. a4 bxa4 39. Ka3 Ne1 40. Kxa4 Nxc2 41. Ng2 Be4 42. Nf4+ Kf5 43. Nh5 Ke6 44. Nf4+ Kd7 45. Kb5 Bf3 46. Ka6 Na3 47. Kxa7 Nb5+ 48. Kb6 Nxc3 49. Kc5 Ne2 50. e6+ Ke7 51. Ng6+ Kxe6 52. Kb4 c3 53. Kb3 c2 54. Nf8+ Kf7 55. Kxc2 Kxf8 0-1

[Event "Kokshetau Zhaksy-ch"]
[Site "Kokshetau"]
[Date "2015.07.08"]
[Round "5"]
[White "Mamyrbay, Assad"]
[Black "Umbetov, Kazybek"]
[Result "1-0"]
[WhiteElo "2135"]
[BlackElo "1874"]
[PlyCount "91"]
[EventDate "2015.07.05"]
[EventType "tourn"]
[EventRounds "9"]
[EventCountry "KAZ"]
[SourceTitle "EXT 2016"]
[Source "ChessBase"]
[SourceDate "2015.10.08"]
[SourceVersion "1"]
[SourceVersionDate "2015.10.08"]
[SourceQuality "1"]

1. e4 e6 2. d4 d5 3. Nd2 c5 4. exd5 exd5 5. Ngf3 Nf6 6. Bb5+ Bd7 7. Bxd7+ Nbxd7 8. 0-0 Be7 9. dxc5 0-0 10. Nb3 Nxc5 11. Nxc5 Bxc5 12. Bg5 d4 13. Qd3 Rc8 14. Rad1 Qb6 15. Qf5 Rfe8 16. Rde1 Bf8 17. Bxf6 gxf6 18. Qg4+ Kh8 19. Nxd4 Qxb2 20. Rb1 Qxa2 21. Rxb7 Bc5 22. Nb3 Qxc2 23. Nxc5 Qxc5 24. Rxf7 Qg5 25. Qh3 h5 26. Rxa7 Rc1 27. g3 Rxf1+ 28. Qxf1 Qd2 29. Qc4 Qe1+ 30. Kg2 Re7 31. Ra8+ Re8 32. Ra6 Kg7 33. Ra4 Qe6 34. Qb5 Kg6 35. Rh4 Qe5 36. Qd3+ f5 37. Qf3 Rh8 38. h3 Qf6 39. Kh2 Qb2 40. Qc6+ Qf6 41. Qf3 Qb2 42. Rc4 Rf8 43. Kg2 Rf7 44. Rc6+ Rf6 45. Rc8 Qa2 46. Rh8 1-0

[Event "Kokshetau Zhaksy-ch"]
[Site "Kokshetau"]
[Date "2015.07.05"]
[Round "1"]
[White "Turar, Dastan"]
[Black "Umbetov, Kazybek"]
[Result "1-0"]
[WhiteElo "2189"]
[BlackElo "1874"]
[PlyCount "111"]
[EventDate "2015.07.05"]
[EventType "tourn"]
[EventRounds "9"]
[EventCountry "KAZ"]
[SourceTitle "EXT 2016"]
[Source "ChessBase"]
[SourceDate "2015.10.08"]
[SourceVersion "1"]
[SourceVersionDate "2015.10.08"]
[SourceQuality "1"]

1. d4 Nf6 2. Nf3 d5 3. c4 c6 4. Nc3 e6 5. Bg5 Bb4 6. Qb3 Ba5 7. e3 0-0 8. Bd3 dxc4 9. Bxc4 b5 10. Bd3 a6 11. 0-0 Nbd7 12. Ne4 Bb7 13. Rac1 h6 14. Bxf6 gxf6 15. Nd6 Qc7 16. Nxb7 Qxb7 17. Bb1 Rfc8 18. Qd3 Nf8 19. Rc5 f5 20. e4 Bb6 21. Rcc1 fxe4 22. Qxe4 f5 23. Qe3 Qg7 24. Ne5 Rd8 25. Rfd1 Rac8 26. Nxc6 Bxd4 27. Qe1 Re8 28. Qb4 Bf6 29. a3 Ng6 30. g3 Kh7 31. Kf1 Qb7 32. Qd6 Bxb2 33. Na5 Qe7 34. Rxc8 Qxd6 35. Rxd6 Rxc8 36. Ba2 Bxa3 37. Rxa6 Rc1+ 38. Kg2 Bb4 39. Bxe6 Ne7 40. Nb3 Rd1 41. Ra7 Kg6 42. Rb7 Rd6 43. Rxe7 Kf6 44. Rb7 Rxe6 45. Rxb5 Bc3 46. Rc5 Bb2 47. Rc2 Be5 48. f4 Bb8 49. Nd4 Rd6 50. Nf3 Rb6 51. Nh4 Bd6 52. Ra2 Bb4 53. Ra8 Be7 54. Ra5 Rb2+ 55. Kh3 Ke6 56. Nxf5 1-0

[Event "World School-ch U11 9th"]
[Site "Porto Carras"]
[Date "2013.05.14"]
[Round "9"]
[White "Murtazin, Ruslan"]
[Black "Umbetov, Kazybek"]
[Result "0-1"]
[WhiteElo "1710"]
[BlackElo "1801"]
[PlyCount "104"]
[EventDate "2013.05.07"]
[EventType "swiss"]
[EventRounds "9"]
[EventCountry "GRE"]
[SourceTitle "CBM 154 Extra"]
[Source "ChessBase"]
[SourceDate "2013.06.25"]
[SourceVersion "2"]
[SourceVersionDate "2013.06.25"]
[SourceQuality "1"]

1. e4 e6 2. d4 d5 3. Nc3 Nf6 4. e5 Nfd7 5. f4 c5 6. Nf3 Nc6 7. Be3 Qb6 8. Na4 Qa5+ 9. c3 c4 10. b4 Nxb4 11. cxb4 Bxb4+ 12. Kf2 b5 13. Nb2 Bc3 14. Bd2 Bxd2 15. Qxd2 c3 16. Qc2 cxb2 17. Qxb2 Rb8 18. g4 f6 19. f5 exf5 20. e6 Nf8 21. gxf5 g6 22. a4 b4 23. Bb5+ Ke7 24. Rhg1 a6 25. Bd3 g5 26. Qe2 h5 27. Nxg5 fxg5 28. Qe5 b3 29. Qxb8 Qd2+ 30. Be2 Qxd4+ 31. Kg2 Qe4+ 32. Bf3 Qc2+ 33. Kh1 Qxf5 34. Bg2 Bxe6 35. Qxb3 Ng6 36. Qb4+ Kf7 37. Rac1 Nf4 38. Rc7+ Kg6 39. Qe7 Rg8 40. Qh7+ Kf6 41. Qxf5+ Kxf5 42. Ra7 h4 43. h3 Rc8 44. Rxa6 Rc2 45. Bf3 Bc8 46. Bg4+ Ke4 47. Ra8 Bxg4 48. hxg4 d4 49. a5 Ne2 50. Rd1 Ng3+ 51. Kg1 h3 52. Rh8 Rg2# 0-1